Victorious characters - Statistics

General Stats
  • This quiz has been taken 314 times
  • The average score is 6 of 9
Answer Stats
Hint Answer % Correct
He always has a puppet Robbie
98%
Red hair girl Cat
97%
He dates jade Beck
94%
Newest student a Hollywood arts Tori
94%
She always acts gloomy Jade
93%
Really enjoys music Andre
88%
Bold hair teacher Sikowitz
62%
Weard kid at Hollywood arts Singen
11%
Tori,s big sister Trini
6%
No matching quizzes found
Score Distribution
Percent of People with Each Score
Percentile by Number Answered
Your Score History
You have not taken this quiz